Indian Journal of Science and Technology (Record no. 10099)

MARC details
000 -LEADER
fixed length control field 00412nam a22001217a 4500
003 - CONTROL NUMBER IDENTIFIER
control field OSt
008 - FIXED-LENGTH DATA ELEMENTS--GENERAL INFORMATION
fixed length control field 201218b ||||| |||| 00| 0 eng d
245 ## - TITLE STATEMENT
Title Indian Journal of Science and Technology
250 ## - EDITION STATEMENT
Edition statement 2015(Jan Vol.8 No.1, Jan Vol.8 No.2, Feb Vol.8 No.3, Feb Vol.8 No.4)
260 ## - PUBLICATION, DISTRIBUTION, ETC. (IMPRINT)
Place of publication, distribution, etc Chennai, Tamil Nadu
Name of publisher, distributor, etc Indian Society for Education and Environment
650 ## - SUBJECT ADDED ENTRY--TOPICAL TERM
Topical term or geographic name as entry element Information Technology
942 ## - ADDED ENTRY ELEMENTS (KOHA)
Source of classification or shelving scheme Dewey Decimal Classification
Koha item type BOUND VOLUME
Holdings
Withdrawn status Lost status Source of classification or shelving scheme Materials specified (bound volume or other part) Damaged status Not for loan Collection code Home library Current library Date acquired Source of acquisition Serial Enumeration / chronologySerial Enumeration / Volume No. Total Checkouts Acc. no. / Barcode Date last seen Bill Date Koha item type
    Dewey Decimal Classification Bound Volume   Not For Loan B.Tech(IT) PIET C-LIBRARY PIET C-LIBRARY 21/12/2020 Indian Society for Education and Environment 2015(Jan Vol.8 No.1, Jan Vol.8 No.2, Feb Vol.8 No.3, Feb Vol.8 No.4)   BV839 21/12/2020 09/01/2015 BOUND VOLUME

Design & Developed by: PIET Central Library
R70 Miles Stone Pattikalyana Samalkha Panipat 132102
mail ID :- [email protected], Phone No:- 0180-2569700 Ex.216